ბათუმის შოთა რუსთაველის სახელმწიფო უნივერსიტეტის ბიბლიოთეკა

მე ისეთ ქართველს რა ვუთხრა:სწორად თქმისა და წერის კულტურა (ბიბ.ჩანაწერი № 43804)

000 -LEADER
fixed length control field 01173nam a2200265Ia 4500
001 - CONTROL NUMBER
control field 10549
003 - CONTROL NUMBER IDENTIFIER
control field GE_BSU
008 - FIXED-LENGTH DATA ELEMENTS--GENERAL INFORMATION
fixed length control field 181216s||||||||xx |||||||||||||| ||und||
020 ## - INTERNATIONAL STANDARD BOOK NUMBER
International Standard Book Number 9789941428043
040 ## - CATALOGING SOURCE
Transcribing agency GE_BSU
080 ## - UNIVERSAL DECIMAL CLASSIFICATION NUMBER
Universal Decimal Classification number 811.353.1'35
100 ## - MAIN ENTRY--PERSONAL NAME
Personal name ბოჯგუა,გივი
245 ## - TITLE STATEMENT
Title მე ისეთ ქართველს რა ვუთხრა:სწორად თქმისა და წერის კულტურა
245 ## - TITLE STATEMENT
Remainder of title ქართული ენის ორთოგრაფია;ქართული მართლწერა
250 ## - EDITION STATEMENT
Edition statement მე–2 გამოც.შევსებ.და გადამუშ.
260 ## - PUBLICATION, DISTRIBUTION, ETC.
Place of publication, distribution, etc. თბილისი
260 ## - PUBLICATION, DISTRIBUTION, ETC.
Name of publisher, distributor, etc. შემეცნება
260 ## - PUBLICATION, DISTRIBUTION, ETC.
Date of publication, distribution, etc. 2011
300 ## - PHYSICAL DESCRIPTION
Extent 291გვ.20სმ.
653 ## - INDEX TERM--UNCONTROLLED
Uncontrolled term მე ისეთ ქართველს რა ვუთხრა
653 ## - INDEX TERM--UNCONTROLLED
Uncontrolled term სწორად თქმისა და წერის კულტურა
653 ## - INDEX TERM--UNCONTROLLED
Uncontrolled term ქართული ენის ორთოგრაფია;ქართული მართლწერა
942 ## - ADDED ENTRY ELEMENTS (KOHA)
Koha item type წიგნი
ეგზემპლარები
Withdrawn status Lost status Damaged status Not for loan Date acquired Barcode Date last seen Price effective from Koha item type
        2018-12-17 34387 2018-12-17 2018-12-17 წიგნი
        2018-12-17 34388 2018-12-17 2018-12-17 წიგნი
        2018-12-17 34389 2018-12-17 2018-12-17 წიგნი
        2018-12-17 34390 2018-12-17 2018-12-17 წიგნი